| 000 | 00542 a2200169 4500 | ||
|---|---|---|---|
| 020 | _a8173196354 | ||
| 020 | _a9788173196355 | ||
| 082 | _a514.2 | ||
| 090 |
_c1556 _d1556 |
||
| 100 | 1 | _aLahiri, B. K. | |
| 245 | 1 | 2 |
_aA first course in algebraic topology / _cB. K. Lahiri. |
| 250 | _a2nd ed. | ||
| 260 |
_a[S.l.] : _bAlpha Science Intl Ltd, _c2005. |
||
| 300 |
_a130 p. ; _c25 cm. |
||
| 942 |
_aSNS _cBK _k514.2 LAH |
||
| 999 |
_c30166 _d30166 |
||